[Event "Skudai Kejohanan op"]
[Site "Skudai"]
[Date "2016.02.03"]
[Round "7"]
[White "Tan, Jun Feng"]
[Black "Prashant, Raj Ramani"]
[Result "1/2-1/2"]
[WhiteElo "1870"]
[BlackElo "1526"]
[PlyCount "68"]
[EventDate "2016.01.31"]
[EventType "swiss"]
[EventRounds "9"]
[EventCountry "MAS"]
[SourceTitle "CBM 170 Extra"]
[Source "ChessBase"]
[SourceDate "2016.02.25"]
[SourceVersion "1"]
[SourceVersionDate "2016.02.25"]
[SourceQuality "1"]

1. e4 c5 2. Nf3 d6 3. c3 Nf6 4. Be2 g6 5. 0-0 Bg7 6. d3 0-0 7. h3 Nc6 8. Qc2 e5 9. Be3 b6 10. Nh2 d5 11. Na3 Be6 12. Rad1 Qe7 13. f4 Bh6 14. Bc1 exf4 15. Bxf4 Bxf4 16. Rxf4 dxe4 17. dxe4 Rad8 18. Rdf1 Nd7 19. Nc4 Nde5 20. Ne3 Rd6 21. Nhg4 Nxg4 22. Nxg4 Rfd8 23. Nf6+ Kg7 24. Nd5 Bxd5 25. exd5 Qe3+ 26. Kh1 Ne5 27. c4 b5 28. Kh2 f5 29. b3 Nf7 30. Qb2+ Kg8 31. Kh1 Re8 32. Bd1 Ng5 33. Qf2 bxc4 34. bxc4 Kg7 1/2-1/2